Sudden Death - Marvel Comics - Statistics

General Stats
  • This quiz has been taken 145 times
  • The average score is 13 of 24
Answers on the Grid
Answers color-coded by a green-red scale on the quiz's grid according to % correct below.
Star Wars
Amazing Spider-Man
Civil War II
Champions
Rocket Raccoon
Spider-Gwen
Alien
Bishop
Cyclops
Fantastic Four
Ka-Zar
Kid 'n Play
New Thunderbolts
Paradise X
The Punisher
Halo
Vision
War of the Realms
Werewolf by Night
Zombie
Black Panther
Blade
2020
Magik
Teen Titans Go!
Diabolik
Astro Boy
Teenage Mutant Ninja Turtles
Spawn
Tomb Raider
Walking Dead
Saga
 
Answer Stats
Answer % Correct
Amazing Spider-Man
84%
Black Panther
82%
The Punisher
80%
Fantastic Four
77%
Cyclops
76%
Rocket Raccoon
76%
Blade
75%
Vision
75%
New Thunderbolts
72%
Civil War II
70%
Spider-Gwen
67%
Werewolf by Night
60%
Magik
57%
Bishop
53%
Champions
39%
Paradise X
38%
Ka-Zar
35%
Star Wars
33%
War of the Realms
26%
Zombie
24%
2020
22%
Alien
15%
Kid 'n Play
15%
Halo
8%
No matching quizzes found
Score Distribution
Percent of People with Each Score
Percentile by Number Answered
Your Score History
You have not taken this quiz